<?xml version="1.0" encoding="UTF-8"?>
<record
    xmlns:xsi="http://www.w3.org/2001/XMLSchema-instance"
    xsi:schemaLocation="http://www.loc.gov/MARC21/slim http://www.loc.gov/standards/marcxml/schema/MARC21slim.xsd"
    xmlns="http://www.loc.gov/MARC21/slim">

  <leader>00968nam a2200277Ia 4500</leader>
  <controlfield tag="001">Para_9287</controlfield>
  <controlfield tag="003">CHAP</controlfield>
  <controlfield tag="008">220125s2003    xx            000 0 und d</controlfield>
  <datafield tag="010" ind1=" " ind2=" ">
    <subfield code="a">208025</subfield>
  </datafield>
  <datafield tag="040" ind1=" " ind2=" ">
    <subfield code="c">CHAP</subfield>
  </datafield>
  <datafield tag="082" ind1=" " ind2=" ">
    <subfield code="a">PA 630.717 F6 2003</subfield>
  </datafield>
  <datafield tag="111" ind1=" " ind2=" ">
    <subfield code="a">Foro de servicio universitario: por la revaloraci&#xF3;n, fortalecimiento e integraci&#xF3;n del servicio universitario, como funci&#xF3;n sustantiva de relaci&#xF3;n con la sociedad (6:2003:Chapingo, M&#xE9;x.)</subfield>
    <subfield code="9">174453</subfield>
  </datafield>
  <datafield tag="245" ind1=" " ind2=" ">
    <subfield code="a">Memoria /</subfield>
    <subfield code="c"> por Universidad Aut&#xF3;noma Chapingo</subfield>
  </datafield>
  <datafield tag="260" ind1=" " ind2=" ">
    <subfield code="a">Chapingo, M&#xE9;x. :</subfield>
    <subfield code="b"> Universidad Aut&#xF3;noma Chapingo</subfield>
  </datafield>
  <datafield tag="300" ind1=" " ind2=" ">
    <subfield code="a">255 p.</subfield>
  </datafield>
  <datafield tag="650" ind1=" " ind2=" ">
    <subfield code="a">Ayuda t&#xE9;cnica agr&#xED;cola</subfield>
    <subfield code="9">174219</subfield>
  </datafield>
  <datafield tag="650" ind1=" " ind2=" ">
    <subfield code="a">Extension agr&#xED;cola </subfield>
    <subfield code="x"> Congresos </subfield>
    <subfield code="9">39155</subfield>
  </datafield>
  <datafield tag="650" ind1=" " ind2=" ">
    <subfield code="a">Servicio social </subfield>
    <subfield code="x"> Congresos </subfield>
    <subfield code="9">105317</subfield>
  </datafield>
  <datafield tag="901" ind1=" " ind2=" ">
    <subfield code="a">PA 630.717 F6 2003</subfield>
  </datafield>
  <datafield tag="902" ind1=" " ind2=" ">
    <subfield code="a">M</subfield>
  </datafield>
  <datafield tag="905" ind1=" " ind2=" ">
    <subfield code="a">0000002003                             in  0000000000   00</subfield>
  </datafield>
  <datafield tag="910" ind1=" " ind2=" ">
    <subfield code="a">2003</subfield>
  </datafield>
  <datafield tag="942" ind1=" " ind2=" ">
    <subfield code="c">PARA</subfield>
  </datafield>
  <datafield tag="942" ind1=" " ind2=" ">
    <subfield code="c">PARA</subfield>
    <subfield code="d">1</subfield>
  </datafield>
  <datafield tag="999" ind1=" " ind2=" ">
    <subfield code="c">208025</subfield>
    <subfield code="d">208025</subfield>
  </datafield>
  <datafield tag="952" ind1=" " ind2=" ">
    <subfield code="0">0</subfield>
    <subfield code="1">0</subfield>
    <subfield code="2">ddc</subfield>
    <subfield code="4">0</subfield>
    <subfield code="5">3</subfield>
    <subfield code="7">0</subfield>
    <subfield code="8">GRAL</subfield>
    <subfield code="a">PA</subfield>
    <subfield code="b">PA</subfield>
    <subfield code="d">2007-08-07</subfield>
    <subfield code="i">(PA_09097) (No. UACh C/E)</subfield>
    <subfield code="l">0</subfield>
    <subfield code="o">PA 630.717 F6 2003</subfield>
    <subfield code="p">4102001401</subfield>
    <subfield code="r">2022-01-25 00:00:00</subfield>
    <subfield code="t">Ej.2</subfield>
    <subfield code="w">2022-01-25</subfield>
    <subfield code="y">LIBRO</subfield>
    <subfield code="z">3</subfield>
  </datafield>
  <datafield tag="952" ind1=" " ind2=" ">
    <subfield code="0">0</subfield>
    <subfield code="1">0</subfield>
    <subfield code="2">ddc</subfield>
    <subfield code="4">0</subfield>
    <subfield code="5">3</subfield>
    <subfield code="7">0</subfield>
    <subfield code="8">GRAL</subfield>
    <subfield code="a">PA</subfield>
    <subfield code="b">PA</subfield>
    <subfield code="d">2007-08-07</subfield>
    <subfield code="i">(PA_09096) (No. UACh C/E)</subfield>
    <subfield code="l">0</subfield>
    <subfield code="o">PA 630.717 F6 2003</subfield>
    <subfield code="p">4102001400</subfield>
    <subfield code="r">2022-01-25 00:00:00</subfield>
    <subfield code="t">Ej1</subfield>
    <subfield code="w">2022-01-25</subfield>
    <subfield code="y">LIBRO</subfield>
    <subfield code="z">3</subfield>
  </datafield>
</record>
